| 000 | 00463nam a22001457a 4500 | ||
|---|---|---|---|
| 999 |
_c527294 _d527294 |
||
| 082 | _a658 | ||
| 100 | _aAsad Maqbool, Muhammad | ||
| 245 |
_aINTERNATIONAL FISHER EFFECT AND STOCK PRICE FLUCTUATIONS _cMuhammad Asad Maqbool |
||
| 260 |
_aIslamabad: _bNBS - NUST, _c2012. |
||
| 300 |
_aiv, 57 p. : ill. ; _c30cm. |
||
| 942 |
_2ddc _cTHE |
||
| 650 |
_aMBA Thesis _917629 |
||
| 700 |
_aMr. Muhammad Shariq _918258 |
||